00330nam a2200097Ia 4500008004100000040002900041050002100070100001800091245009300109260003000202221021s9999||||xx |||||||||||||| ||und|| cChuka University Library aBL 70 b.B7 1946 aBrowne, Lewis 4aThe world's ggreat scriptures:an anthology of sacred books of the ten principal religion aNew YorkbMacmillanc1946